00310nam a2200109Ia 4500082001200000100001400012245006600026260003200092300003000124650002900154710001700183 aTR.0142 aRam Autar 0aStudy of Sugar industry in India : Its problems and prospects c1973bUniversity of Lucknow aiv, 334, iiip. + C D - 52 aSUGAR FACTORIES - INDIA  aSarkar, K.C.